Histoire du Mexique, Juarez et Maximilien correspondances inédites des présidents ministres et généraux Almonte, Santa-Ana, Gutierrez, Miramon, Marquez, Mejia, Woll, etc., etc., de Juarez de l`Empereur Maximilien et de l`Impératrice Charlotte (Record no. 3790)

MARC details
000 -CABECERA
campo de control de longitud fija 00968nam a2200253 a 4500
001 - NÚMERO DE CONTROL
campo de control BRCA_4067
005 - FECHA Y HORA DE LA ÚLTIMA TRANSACCIÓN
campo de control 20190320204532.0
008 - DATOS DE LONGITUD FIJA--INFORMACIÓN GENERAL
campo de control de longitud fija 160210s1868----fr-#######---#000-0#fre-#
041 ## - CÓDIGO DE LENGUA
Código de lengua del texto/banda sonora o título independiente fre
044 ## - CÓDIGO DEL PAÍS DE LA ENTIDAD EDITORA/PRODUCTORA
Código MARC del país fr
050 #4 - SIGNATURA TOPOGRÁFICA DE LA BIBLIOTECA DEL CONGRESO
Número de clasificación F1233.M4
Número de documento/Ítem .D66 2 1868
100 1# - ENTRADA PRINCIPAL--NOMBRE DE PERSONA
Nombre de persona Domenech, Emmanuel
9 (RLIN) 10509
245 10 - MENCIÓN DE TÍTULO
Título Histoire du Mexique, Juarez et Maximilien correspondances inédites des présidents ministres et généraux Almonte, Santa-Ana, Gutierrez, Miramon, Marquez, Mejia, Woll, etc., etc., de Juarez de l`Empereur Maximilien et de l`Impératrice Charlotte
Mención de responsabilidad, etc. par Emmanuel Domenech.
260 ## - PUBLICACIÓN, DISTRIBUCIÓN, ETC.
Lugar de publicación, distribución, etc. París
Nombre del editor, distribuidor, etc. Internationale
Fecha de publicación, distribución, etc. 1868
300 ## - DESCRIPCIÓN FÍSICA
Extensión 2 t. en 1 v.
Dimensiones 19 cm.
500 ## - NOTA GENERAL
Nota general Ver también C127 (3 v.)
500 ## - NOTA GENERAL
Nota general C140
505 0# - NOTA DE CONTENIDO CON FORMATO
Nota de contenido con formato Contenido: t.1. (3a. ed.). -- t.2. (2a. ed.)
600 14 - PUNTO DE ACCESO ADICIONAL DE MATERIA--NOMBRE DE PERSONA
Nombre de persona Maximiliano
Títulos y otros términos asociados al nombre Emperador de México
Subdivisión cronológica 1832-1867
9 (RLIN) 10211
600 14 - PUNTO DE ACCESO ADICIONAL DE MATERIA--NOMBRE DE PERSONA
Nombre de persona Juárez, Benito
Fechas asociadas al nombre 1806-1872
9 (RLIN) 4845
651 #4 - PUNTO DE ACCESO ADICIONAL DE MATERIA--NOMBRE GEOGRÁFICO
Nombre geográfico México
Subdivisión general Historia
9 (RLIN) 614
902 ## - CATALOGADOR
Iniciales GFM
942 ## - ELEMENTOS DE PUNTO DE ACCESO ADICIONAL (KOHA)
Fuente del sistema de clasificación o colocación Library of Congress Classification
Tipo de ítem Koha Libros
Holdings
Estado de retiro Estado de pérdida Estado dañado No para préstamo Localización permanente Ubicación/localización actual Fecha de adquisición Número de inventario Total de préstamos Signatura topográfica completa Código de barras Fecha visto por última vez Precio válido a partir de Tipo de ítem Koha
El ejemplar forma parte de la colección y puede ser consultado según las políticas vigentes.       Biblioteca del Museo Franz Mayer (Rogerio Casas-Alatriste) Biblioteca del Museo Franz Mayer (Rogerio Casas-Alatriste) 16/02/2010 C140   F1233.M4 .D66 2 1868 (C140) 4064 22/03/2019 22/03/2019 Libros